[Event "Llinars del Valles op-A 8th"]
[Site "Llinars del Valles"]
[Date "2014.05.31"]
[Round "5"]
[White "Ayats Llobera, Gerard"]
[Black "Amores Gago, Javier"]
[Result "1-0"]
[WhiteElo "1919"]
[BlackElo "2174"]
[PlyCount "57"]
[EventDate "2014.04.26"]
[EventType "swiss"]
[EventRounds "8"]
[EventCountry "ESP"]
[SourceTitle "EXT 2015"]
[Source "ChessBase"]
[SourceDate "2014.11.20"]
[SourceVersion "1"]
[SourceVersionDate "2014.11.20"]
[SourceQuality "1"]

1. e4 d6 2. d4 Nf6 3. Nc3 Nbd7 4. Be3 e5 5. Bc4 Be7 6. Nge2 0-0 7. 0-0 c6 8. a4 b6 9. h3 Bb7 10. f4 exd4 11. Nxd4 d5 12. exd5 cxd5 13. Bd3 Nc5 14. g4 Re8 15. g5 Nfe4 16. Nxe4 Nxe4 17. Bxe4 dxe4 18. Qg4 Bc5 19. Rad1 Qe7 20. f5 Rad8 21. c3 Bc8 22. Qg2 Qe5 23. b4 Bf8 24. g6 hxg6 25. fxg6 f6 26. Nc6 Qxc3 27. Nxd8 Qxe3+ 28. Kh2 Re5 29. Qa2+ 1-0

[Event "Sant Boi"]
[Site "Sant Boi de Llobregat"]
[Date "2014.05.30"]
[Round "7"]
[White "Amores Gago, Javier"]
[Black "Dalo, Hermes"]
[Result "1/2-1/2"]
[WhiteElo "2174"]
[BlackElo "2235"]
[PlyCount "29"]
[EventDate "2014.04.04"]
[EventType "tourn"]
[EventRounds "9"]
[EventCountry "ESP"]
[EventCategory "3"]
[SourceTitle "CBM 160 Extra"]
[Source "ChessBase"]
[SourceDate "2014.07.01"]
[SourceVersion "1"]
[SourceVersionDate "2014.07.01"]
[SourceQuality "1"]

1. e4 c5 2. Nf3 d6 3. d4 cxd4 4. Nxd4 Nf6 5. Nc3 e6 6. Be2 a6 7. a4 Nc6 8. 0-0 Be7 9. Be3 0-0 10. Nb3 b6 11. f4 Qc7 12. g4 Re8 13. g5 Nd7 14. h4 Bb7 15. h5 1/2-1/2

[Event "Sant Boi"]
[Site "Sant Boi de Llobregat"]
[Date "2014.05.16"]
[Round "5"]
[White "Ramirez Garcia, Jorge Alberto"]
[Black "Amores Gago, Javier"]
[Result "1-0"]
[WhiteElo "2287"]
[BlackElo "2174"]
[PlyCount "53"]
[EventDate "2014.04.04"]
[EventType "tourn"]
[EventRounds "9"]
[EventCountry "ESP"]
[EventCategory "3"]
[SourceTitle "CBM 160 Extra"]
[Source "ChessBase"]
[SourceDate "2014.07.01"]
[SourceVersion "1"]
[SourceVersionDate "2014.07.01"]
[SourceQuality "1"]

1. d4 d5 2. Nf3 Nf6 3. c4 c6 4. e3 e6 5. Nc3 g6 6. b3 Bg7 7. Ba3 Ne4 8. Qc1 f5 9. Be2 Nd7 10. 0-0 Kf7 11. Nxe4 dxe4 12. Ne1 c5 13. dxc5 Bxa1 14. Qxa1 Re8 15. f3 e5 16. fxe4 Nf6 17. exf5 Qd2 18. fxg6+ hxg6 19. Bf3 Qxe3+ 20. Kh1 Bf5 21. Bxb7 Rh8 22. Nf3 e4 23. Bc1 Qe2 24. Bg5 Ng4 25. Bd5+ Be6 26. Bxe6+ Kxe6 27. Nd4+ 1-0

[Event "San Sebastian op 37th"]
[Site "San Sebastian"]
[Date "2014.04.16"]
[Round "6"]
[White "Akesson, Ralf"]
[Black "Amores Gago, Javier"]
[Result "1-0"]
[WhiteElo "2444"]
[BlackElo "2174"]
[PlyCount "127"]
[EventDate "2014.04.12"]
[EventType "swiss"]
[EventRounds "9"]
[EventCountry "ESP"]
[SourceTitle "CBM 159 Extra"]
[Source "ChessBase"]
[SourceDate "2014.04.24"]
[SourceVersion "1"]
[SourceVersionDate "2014.04.24"]
[SourceQuality "1"]

1. d4 d5 2. Nf3 Nf6 3. c4 c6 4. e3 e6 5. Bd3 g6 6. 0-0 Bg7 7. Nc3 0-0 8. Qe2 Nbd7 9. Rd1 b6 10. e4 dxe4 11. Nxe4 Nxe4 12. Qxe4 Bb7 13. Bg5 Qe8 14. Bf4 Qe7 15. Bf1 Rfe8 16. Ne5 Rac8 17. c5 Nxe5 18. dxe5 Qxc5 19. Rd7 Rb8 20. b4 Qf8 21. b5 Re7 22. Rxe7 Qxe7 23. bxc6 Ba8 24. Rc1 Rd8 25. g3 Qc7 26. Bg2 h6 27. h4 Bf8 28. Be3 Bg7 29. Qc2 Rc8 30. f4 Bf8 31. Qc3 h5 32. Kh2 Be7 33. Qc4 Rd8 34. Rc2 Kg7 35. a4 Kg8 36. Qb5 Kg7 37. Rc1 Rc8 38. Be4 Kg8 39. Qe2 Kg7 40. Bg2 Rd8 41. Qa6 Bb4 42. Rc2 Kh7 43. Rc4 Bd2 44. Bd4 Kg7 45. Qb5 Kg8 46. Qb2 Ba5 47. Qc2 Kg7 48. Be3 Kg8 49. Bc1 Kg7 50. Qb3 Be1 51. Rc2 a5 52. Ba3 Bb4 53. Bxb4 axb4 54. Qxb4 Bb7 55. Rb2 Bc8 56. Qxb6 Qxb6 57. Rxb6 Rd4 58. c7 Rc4 59. Bc6 Kf8 60. a5 Ke7 61. a6 Rc2+ 62. Kg1 Ra2 63. Bb7 Kd7 64. Rd6+ 1-0

[Event "San Sebastian op 37th"]
[Site "San Sebastian"]
[Date "2014.04.13"]
[Round "3"]
[White "Cifuentes Parada, Roberto"]
[Black "Amores Gago, Javier"]
[Result "1-0"]
[WhiteElo "2458"]
[BlackElo "2174"]
[PlyCount "105"]
[EventDate "2014.04.12"]
[EventType "swiss"]
[EventRounds "9"]
[EventCountry "ESP"]
[SourceTitle "CBM 159 Extra"]
[Source "ChessBase"]
[SourceDate "2014.04.24"]
[SourceVersion "1"]
[SourceVersionDate "2014.04.24"]
[SourceQuality "1"]

1. d4 d6 2. Nf3 g6 3. c4 Bg7 4. e4 Nc6 5. Be2 e5 6. Bg5 Nge7 7. dxe5 dxe5 8. Qxd8+ Nxd8 9. Nc3 c6 10. 0-0-0 Ne6 11. Be3 0-0 12. c5 h6 13. Bc4 Kh7 14. h4 Ng8 15. Ng5+ Kh8 16. Nxe6 Bxe6 17. Bxe6 fxe6 18. h5 g5 19. f3 Nf6 20. g4 Kg8 21. Kd2 Rfd8+ 22. Ke2 Kf7 23. b4 Rxd1 24. Rxd1 a6 25. Na4 a5 26. Nb6 Ra6 27. bxa5 Rxa5 28. a4 Bf8 29. Rd8 Bxc5 30. Bxc5 Rxc5 31. Rb8 Rc2+ 32. Kd3 Ra2 33. Rxb7+ Ke8 34. Kc4 Ra3 35. Kb4 Rxf3 36. a5 Nxe4 37. a6 c5+ 38. Kb5 Ra3 39. Rb8+ Kf7 40. Ra8 c4 41. Nxc4 Rb3+ 42. Kc6 Rc3 43. Kb5 Rb3+ 44. Ka5 Rb1 45. a7 Ra1+ 46. Kb6 Nc3 47. Rd8 Nd5+ 48. Rxd5 Rxa7 49. Nxe5+ Kf6 50. Kxa7 exd5 51. Nc6 Ke6 52. Kb6 Kd6 53. Kb5 1-0

[Event "Roncana op-A 7th"]
[Site "Santa Eulalia de Roncana"]
[Date "2013.11.23"]
[Round "7"]
[White "Garcia Cano, Antonio"]
[Black "Amores Gago, Javier"]
[Result "1/2-1/2"]
[WhiteElo "2239"]
[BlackElo "2162"]
[PlyCount "31"]
[EventDate "2013.10.05"]
[EventType "swiss"]
[EventRounds "8"]
[EventCountry "ESP"]
[SourceTitle "CBM 157 Extra"]
[Source "ChessBase"]
[SourceDate "2013.12.19"]
[SourceVersion "1"]
[SourceVersionDate "2013.12.19"]
[SourceQuality "1"]

1. g3 e5 2. Bg2 d6 3. e4 Nf6 4. Ne2 Be7 5. 0-0 0-0 6. Nbc3 c6 7. f4 b5 8. a3 Nbd7 9. h3 h5 10. d4 Bb7 11. b3 Re8 12. Bb2 Bf8 13. Qd2 a6 14. Rae1 Qb6 15. Kh2 Rad8 16. Kh1 1/2-1/2

[Event "Roncana op-A 7th"]
[Site "Santa Eulalia de Roncana"]
[Date "2013.11.16"]
[Round "6"]
[White "Amores Gago, Javier"]
[Black "Rojano Alfonso, Carlos"]
[Result "1-0"]
[WhiteElo "2162"]
[BlackElo "2219"]
[PlyCount "69"]
[EventDate "2013.10.05"]
[EventType "swiss"]
[EventRounds "8"]
[EventCountry "ESP"]
[SourceTitle "CBM 157 Extra"]
[Source "ChessBase"]
[SourceDate "2013.12.19"]
[SourceVersion "1"]
[SourceVersionDate "2013.12.19"]
[SourceQuality "1"]

1. e4 d5 2. exd5 Qxd5 3. Nc3 Qd6 4. d4 Nf6 5. Nf3 Bg4 6. h3 Bxf3 7. Qxf3 c6 8. Be3 e6 9. 0-0-0 Qc7 10. Kb1 Nbd7 11. g4 h6 12. h4 Bb4 13. g5 Ng8 14. Ne4 Nb6 15. c4 Bf8 16. Bf4 Qd7 17. Nc5 Qc8 18. g6 Nf6 19. gxf7+ Kxf7 20. Bh3 Bxc5 21. dxc5 Nxc4 22. Rd4 b5 23. b3 Na5 24. Be5 Nb7 25. Bxf6 gxf6 26. Qh5+ Ke7 27. Re1 Nd8 28. Rd6 Rf8 29. Bxe6 Nxe6 30. Qf5 Rf7 31. Rexe6+ Kf8 32. Rxc6 Qd8 33. Red6 Qe8 34. Rxf6 Qe1+ 35. Kc2 1-0